Young Europeans, work and family : futures in transition
Αποθηκεύτηκε σε:
| Άλλοι συγγραφείς: | |
|---|---|
| Μορφή: | Βιβλίο |
| Γλώσσα: | English |
| Δημοσίευση: |
London : New York :
Routledge,
c2002
|
| Σειρά: | Routledge/European Sociological Association studies in European societies
|
| Θέματα: | |
| Ετικέτες: |
Προσθήκη ετικέτας
Δεν υπάρχουν, Καταχωρήστε ετικέτα πρώτοι!
|
MARC
| LEADER | 00000cam a2200000 i 4500 | ||
|---|---|---|---|
| 001 | 1/55066 | ||
| 008 | 040518s2002 eng d | ||
| 020 | |a 0-415-24846-9 | ||
| 035 | |l 10073367 | ||
| 040 | |a GR-MY-UA |b gre |e aacr | ||
| 041 | 0 | |a eng | |
| 082 | 0 | |a 305.242094 |2 (21) | |
| 245 | 1 | 0 | |a Young Europeans, work and family : |b futures in transition / |c edited by Julia Brannen ... [et al.] |
| 260 | |a London : |a New York : |b Routledge, |c c2002 | ||
| 300 | |a vii, 197 σ.; |c 24 εκ. | ||
| 490 | 1 | |a Routledge/European Sociological Association studies in European societies | |
| 504 | |a Περιλαμβάνει βιβλιογραφικές αναφορές και ευρετήριο | ||
| 650 | 0 | 0 | |a Young adults |z Europe |x Attitudes. |
| 650 | 0 | 0 | |a Work and family |z Europe. |
| 651 | 0 | |a Europe |x Social conditions |y 21st century. | |
| 700 | 1 | |a Brannen, Julia. |4 edt | |
| 830 | 0 | |a Routledge/European Sociological Association studies in European societies | |
| 852 | |a INST |b CHIOS |e 20040518 |h 305.242094 YOU |p 005200023142 |q 005200023142 |t BK |y 0 | ||
| 901 | |a BIBL2-2003-3 | ||
| 909 | |a Χ |b 108854 | ||
| 970 | |a ΣΑΛΑΜΟΥΡΑ |b ΜΑΡΙΑ |z 2003/12/08 | ||